Statistics for New York Yankees: All-Star Selections

Click here to take the quiz!

General Stats

  • This quiz has been taken 69 times
  • The average score is 47 of 130

Answer Stats

Position Amount of Selections Player % Correct
C17Yogi Berra
96%
SS14Derek Jeter
96%
CF19Mickey Mantle
92%
P13Mariano Rivera
88%
1B7Lou Gehrig
88%
OF2Babe Ruth
88%
P10Whitey Ford
88%
CF12Joe DiMaggio
88%
3B7Alex Rodriguez
84%
RF1Aaron Judge
82%
C5Jorge Posada
80%
CF5Bernie Williams
80%
P2Roger Clemens
76%
2B1Billy Martin
75%
C7Thurman Munson
75%
RF5Reggie Jackson
75%
C1Russell Martin
75%
1B6Don Mattingly
71%
P2Tommy John
69%
P3Andy Pettite
69%
P3CC Sabathia
69%
RF6Roger Maris
69%
P1Mike Stanton
67%
2B5Robinson Canó
65%
1B1Tino Martinez
63%
3B1Billy Johnson
63%
C1Gary Sánchez
63%
OF1Brett Gardner
61%
C10Bill Dickey
57%
RF4Paul O'Neill
55%
P4Ron Guidry
55%
RF8Dave Winfield
55%
SS1Phil Rizzuto
55%
P2David Cone
51%
1B3Jason Giambi
51%
P1David Wells
51%
P4Rich Gossage
49%
C12Elston Howard
49%
3B4Wade Boggs
49%
3B5Graig Nettles
49%
1B2Mark Teixeira
47%
P1Masahiro Tanaka
47%
SS2Bucky Dent
47%
P1Luis Severino
45%
LF2Roy White
45%
2B4Willie Randolph
43%
LF2Hideki Matsui
43%
P2Catfish Hunter
43%
LF2Alfonso Soriano
41%
P1Ron Davis
41%
LF4Rickey Henderson
39%
OF3Ben Chapman
39%
OF2Curtis Granderson
37%
3B1Scott Brosius
37%
CF1Carlos Beltrán
35%
2B1Tony Lazzeri
33%
P1Tom Gordon
33%
P7Lefty Gomez
33%
2B6Joe Gordon
33%
P5Mel Stottlemyre
33%
P4Dellin Betances
33%
OF4Bobby Murcer
31%
P2Dave Righetti
31%
RF2Gary Sheffield
29%
P1Phil Niekro
29%
2B2Steve Sax
29%
1B3Joe Pepitone
27%
RF1Bobby Bonds
27%
P2Sparky Lyle
27%
2B8Bobby Richardson
27%
SS1Starlin Castro
27%
P1John Wetteland
27%
C1Aaron Robinson
25%
P1David Robertson
25%
CF1Mickey Rivers
25%
P1Fritz Peterson
25%
SS4Tony Kubek
25%
1B1Chris Chambliss
25%
P5Allie Reynolds
25%
P2Bob Turley
25%
LF3Tom Tresh
25%
1B7Bill Skowron
25%
P2Jimmy Key
24%
C1Mike Stanley
24%
RF1Nick Swisher
24%
1B1Johnny Mize
24%
P1Andrew Miller
22%
SS2Frankie Crosetti
22%
P1Eddie Lopat
22%
RF3Hank Bauer
22%
LF5Charlie Keller
20%
P4Spud Chandler
20%
2B6Gil McDougald
18%
P1Phil Hughes
18%
2B2Snuffy Stirnweiss
18%
P1Al Downing
18%
P3Ralph Terry
16%
RF5Tommy Henrich
16%
P4Ryne Duren
14%
3B1Robin Ventura
14%
OF1Roberto Kelly
14%
2B1Jerry Coleman
14%
3B4Red Rolfe
12%
P3Joe Page
12%
P2Luis Arroyo
12%
P1Scott Sanderson
10%
P1Bobby Shantz
8%
OF2George Selkirk
8%
P1Javier Vázquez
8%
P1Johnny Sain
8%
P1Bob Grim
8%
P3Johnny Murphy
6%
OF1Johnny Lindell
6%
1B1Nick Etten
6%
P1Tommy Byrne
6%
OF1Irv Noren
6%
P1Johnny Kucks
4%
P5Jim Coates
4%
P4Vic Raschi
4%
P2Monte Pearson
4%
P6Red Ruffing
4%
P1Spec Shea
2%
P1Marius Russo
2%
1B2George McQuinn
2%
P1Jim Bouton
2%
C1Buddy Rosar
2%
C1Rollie Hemsley
0%
3B1Oscar Grimes
0%
P2Tiny Bonham
0%
P2Hank Borowy
0%

Score Distribution

Percentile by Number Answered

Percent of People with Each Score

Your Score History

You have not taken this quiz